000 01173nam a2200337 i 4500
001 000009488
003 DO-SdBNP
005 20260225131106.0
007 ta
008 090930s1992 dr 001 0 spa d
040 _aDO-SdBNP
_bspa
_cBNPHU
_erda
041 _aspa
049 _aBNPD
082 1 _a179.9
_bM343L 1992
_222
100 1 _aMarizán, Jaime Antonio,
_eautor
_4aut.
_924298
245 1 3 _aEl libro de las virtudes /
_cJaime Antonio Marizán ; prólogo, Ramón Tomás Aybar D.
250 _asegunda edición
264 1 _aSanto Domingo :
_bCorazón,
_c1992.
300 _a223 páginas :
_bilustraciones, retratos ;
_c21 cm.
336 _atexto
_btxt
_2rdacontent
337 _asin mediación
_bn
_2rdamedia
338 _avolumen
_bnc
_2rdacarrier
500 _aIncluye datos biográficos del autor en la solapa de la cubierta
504 _aBibliografía : páginas 223
590 _aLa biblioteca posee 3 ejemplares autografíados por el autor
650 4 _aVirtudes
_924299
650 7 _aVida cristiana
_2LIBRUNAM
_9668
650 7 _aConducta de vida
_2LIBRUNAM
_911947
700 1 _aAybar D., Ramón Tomás,
_eprologuista
_4pr.
_924300
942 _2ddc
_cLBS1
999 _c9248
_d9248